| 000 | 00314nam a2200109Ia 4500 | ||
|---|---|---|---|
| 005 | 20260328104307.0 | ||
| 008 | 260328s9999||||xx |||||||||||||| ||und|| | ||
| 100 | _aAdriá, Miquel | ||
| 245 | 0 |
_aLo Mejor del Siglo XXI : _b Arquitectura Mexicana 2001-2004 / _cMiquel Adriá |
|
| 650 | _aDISEÑO Y PLANOS | ||
| 942 | _cBK | ||
| 999 |
_c10798 _d10798 |
||